[Event "IND-ch U15"]
[Site "New Delhi"]
[Date "2010.09.08"]
[Round "7"]
[White "Girish, A Koushnik"]
[Black "Shashaank, DS."]
[Result "1-0"]
[WhiteElo "2342"]
[BlackElo "2159"]
[PlyCount "105"]
[EventDate "2010.09.04"]
[EventType "swiss"]
[EventRounds "11"]
[EventCountry "IND"]
[SourceTitle "CBM 138 Extra"]
[Source "ChessBase"]
[SourceDate "2010.10.29"]
[SourceVersion "1"]
[SourceVersionDate "2010.10.29"]
[SourceQuality "1"]

1. d4 Nf6 2. Nf3 e6 3. c4 b6 4. g3 d5 5. Bg2 Bb7 6. O-O Be7 7. cxd5 exd5 8. Nc3
O-O 9. Bf4 Ne4 10. Rc1 Nxc3 11. bxc3 b5 12. Qb3 c6 13. e4 a6 14. Nd2 Bd6 15.
Be3 Bc7 16. Rfe1 h6 17. Qb1 Qc8 18. f4 f5 19. exd5 cxd5 20. Qb3 Qd7 21. c4 Kh8
22. cxd5 Rd8 23. Rc2 Ba5 24. Rec1 Kh7 25. Nb1 Qd6 26. Bf2 Nd7 27. Qd3 g6 28.
Qa3 Qxa3 29. Nxa3 Nf6 30. Re2 Re8 31. Re5 Kg8 32. d6 Bxg2 33. Kxg2 Bb4 34. Nb1
Bxd6 35. Rxe8+ Rxe8 36. Rc6 Ne4 37. d5 Ra8 38. Nc3 Nxc3 39. Rxc3 Kf7 40. Rc6
Ke7 41. Bd4 a5 42. Rb6 Rb8 43. Rxd6 Kxd6 44. Be5+ Kxd5 45. Bxb8 b4 46. Kf3 a4
47. Ke3 Kc4 48. Be5 h5 49. h4 Kd5 50. Kd3 Kc5 51. Bf6 a3 52. Be7+ Kb5 53. Kc2
1-0

[Event "IND-ch U15"]
[Site "New Delhi"]
[Date "2010.09.09"]
[Round "8"]
[White "Girish, A Koushnik"]
[Black "Antonio, Viani D'Cunha"]
[Result "1-0"]
[WhiteElo "2342"]
[BlackElo "2222"]
[PlyCount "91"]
[EventDate "2010.09.04"]
[EventType "swiss"]
[EventRounds "11"]
[EventCountry "IND"]
[SourceTitle "CBM 138 Extra"]
[Source "ChessBase"]
[SourceDate "2010.10.29"]
[SourceVersion "1"]
[SourceVersionDate "2010.10.29"]
[SourceQuality "1"]

1. d4 Nf6 2. Bg5 g6 3. Bxf6 exf6 4. e3 Bg7 5. h4 f5 6. h5 d6 7. Ne2 Nd7 8. Nf4
c6 9. Nd2 Qe7 10. c3 Nf6 11. Be2 g5 12. h6 Bf8 13. Nh5 Bxh6 14. Ng3 Bg7 15. Qc2
f4 16. exf4 gxf4 17. Nf5 Bxf5 18. Qxf5 Qe6 19. Qxf4 O-O-O 20. Kf1 h5 21. Bd3
Nd5 22. Qf3 Kb8 23. a4 Qg4 24. Bf5 Qxf3 25. Nxf3 Bf6 26. Be4 Nf4 27. g3 Ne6 28.
Nh4 d5 29. Bf5 Ng7 30. Bd3 c5 31. dxc5 Ne6 32. Nf5 Nxc5 33. Be2 d4 34. cxd4 Nb3
35. Rd1 Nxd4 36. Nxd4 Rxd4 37. Rxd4 Bxd4 38. b3 Rc8 39. Bc4 Rc5 40. Rh4 Bf6 41.
Rf4 Bd8 42. Bxf7 Kc7 43. Kg2 Be7 44. Kh3 a6 45. Re4 Bd8 46. f4 1-0

[Event "IND-ch U15"]
[Site "New Delhi"]
[Date "2010.09.10"]
[Round "9"]
[White "Karthikeyan, Murali"]
[Black "Girish, A Koushnik"]
[Result "1/2-1/2"]
[WhiteElo "2059"]
[BlackElo "2342"]
[PlyCount "131"]
[EventDate "2010.09.04"]
[EventType "swiss"]
[EventRounds "11"]
[EventCountry "IND"]
[SourceTitle "CBM 138 Extra"]
[Source "ChessBase"]
[SourceDate "2010.10.29"]
[SourceVersion "1"]
[SourceVersionDate "2010.10.29"]
[SourceQuality "1"]

1. e4 e5 2. Nf3 Nc6 3. Bc4 d6 4. O-O Bg4 5. c3 Qd7 6. a4 Nf6 7. d3 Be7 8. Nbd2
O-O 9. Re1 Kh8 10. h3 Be6 11. b4 Ng8 12. Nf1 f5 13. Bxe6 Qxe6 14. exf5 Qxf5 15.
b5 Nd8 16. Ng3 Qg6 17. Be3 Ne6 18. c4 Nf4 19. Bxf4 Rxf4 20. Re4 Raf8 21. Rxf4
Rxf4 22. Qe2 Rf8 23. Qe3 Ra8 24. Ne4 Bf6 25. c5 d5 26. Nxf6 gxf6 27. d4 e4 28.
Nh4 Qg5 29. Qxg5 fxg5 30. Nf5 Rf8 31. g4 Rf6 32. Rb1 h6 33. c6 bxc6 34. Rc1
cxb5 35. axb5 Rf7 36. Rc6 Kh7 37. Ra6 Nf6 38. Rxa7 Kg6 39. Ra6 Kh7 40. Rc6 h5
41. Ne3 hxg4 42. hxg4 Kg7 43. Kf1 Rd7 44. Ke2 Kf7 45. Kd2 Ne8 46. Kc3 Ng7 47.
Rh6 Rd8 48. Rc6 Ne6 49. Kb4 Ke7 50. b6 Kd7 51. bxc7 Kxc6 52. cxd8=Q Nxd8 53.
Kc3 Ne6 54. Nf5 Nf4 55. Kd2 Nh3 56. Ke3 Ng1 57. Ng3 Nf3 58. Nxe4 dxe4 59. Kxe4
Nh4 60. f4 gxf4 61. Kxf4 Kd5 62. g5 Kxd4 63. Kg4 Ng6 64. Kf5 Ne5 65. g6 Nxg6
66. Kxg6 1/2-1/2

[Event "IND-ch U15"]
[Site "New Delhi"]
[Date "2010.09.11"]
[Round "10"]
[White "Gagare, Shardul"]
[Black "Girish, A Koushnik"]
[Result "0-1"]
[WhiteElo "2194"]
[BlackElo "2342"]
[PlyCount "102"]
[EventDate "2010.09.04"]
[EventType "swiss"]
[EventRounds "11"]
[EventCountry "IND"]
[SourceTitle "CBM 138 Extra"]
[Source "ChessBase"]
[SourceDate "2010.10.29"]
[SourceVersion "1"]
[SourceVersionDate "2010.10.29"]
[SourceQuality "1"]

1. c4 b6 2. Nc3 Bb7 3. d4 e6 4. a3 f5 5. d5 Nf6 6. g3 Bd6 7. Bg2 Be5 8. Bd2 Na6
9. Nh3 Nc5 10. Qc2 O-O 11. Nf4 a5 12. O-O a4 13. Rad1 Qe8 14. Be3 Bxf4 15. Bxf4
d6 16. Be3 e5 17. Bxc5 bxc5 18. Qxf5 Nxd5 19. Qc2 Nxc3 20. Bxb7 Rb8 21. bxc3
Rxb7 22. Rb1 Rxb1 23. Qxb1 Qb8 24. e3 Qb3 25. Qxb3 axb3 26. Rb1 Rb8 27. Kf1 Kf7
28. e4 Ke6 29. Ke2 g5 30. Rb2 g4 31. Ke3 c6 32. Kd3 h5 33. Rb1 Kd7 34. Rb2 Kc7
35. Kd2 d5 36. cxd5 c4 37. Kc1 cxd5 38. exd5 Kd6 39. Rd2 Rb5 40. Kb2 Rxd5 41.
Re2 Rd3 42. a4 Kd5 43. a5 Ke6 44. a6 Rd6 45. Kb1 Rxa6 46. f4 gxf3 47. Re3 f2
48. Rf3 Ra2 49. h3 Re2 50. g4 hxg4 51. hxg4 e4 0-1

[Event "IND-ch U15"]
[Site "New Delhi"]
[Date "2010.09.12"]
[Round "11"]
[White "Girish, A Koushnik"]
[Black "Anurag, Mhamal"]
[Result "1/2-1/2"]
[WhiteElo "2342"]
[BlackElo "2207"]
[PlyCount "230"]
[EventDate "2010.09.04"]
[EventType "swiss"]
[EventRounds "11"]
[EventCountry "IND"]
[SourceTitle "CBM 138 Extra"]
[Source "ChessBase"]
[SourceDate "2010.10.29"]
[SourceVersion "1"]
[SourceVersionDate "2010.10.29"]
[SourceQuality "1"]

1. d4 e6 2. c4 d5 3. Nf3 c6 4. Nbd2 f5 5. g3 Nf6 6. Bg2 Bd6 7. O-O Nbd7 8. b3
O-O 9. Bb2 b6 10. Ne5 Bb7 11. Nd3 Qe7 12. e3 Rac8 13. Qe2 Ne4 14. Rac1 c5 15.
dxc5 bxc5 16. Rfd1 Nb6 17. Ne5 Rfd8 18. Nxe4 dxe4 19. Qc2 Qf8 20. Rd2 Be7 21.
Rcd1 Qe8 22. a4 Rxd2 23. Rxd2 Rd8 24. a5 Nc8 25. Bf1 Bf6 26. Be2 Qe7 27. Bc3
Qc7 28. Rxd8+ Qxd8 29. Qb2 Nd6 30. b4 Qc7 31. bxc5 Qxc5 32. Nd7 Bxc3 33. Qxc3
Qc7 34. Ne5 Ba6 35. Qd4 h6 36. h4 Nb7 37. Qxa7 Qxa5 38. Qb8+ Qd8 39. Qxd8+ Nxd8
40. Kf1 Kf8 41. c5 Bxe2+ 42. Kxe2 Ke7 43. Kd2 Nb7 44. c6 Nd6 45. Kc3 Nc8 46. h5
Kd6 47. Kd4 Na7 48. g4 Nb5+ 49. Kc4 Nc7 50. Ng6 Kxc6 51. gxf5 exf5 52. Ne7+ Kd6
53. Nxf5+ Ke5 54. Ng3 Ne6 55. Ne2 Nf8 56. Nf4 Nd7 57. Kc3 Nf6 58. Kd2 Kf5 59.
Ke2 Kg4 60. Kf1 Nxh5 61. Ng6 Kf5 62. Ne7+ Ke6 63. Nc6 Nf6 64. Kg2 g5 65. Nd8+
Ke7 66. Nc6+ Ke6 67. Nd8+ Ke7 68. Nc6+ Ke6 69. Nd8+ Kf5 70. Nf7 Kg6 71. Ne5+
Kf5 72. Nf7 h5 73. Nd6+ Kg4 74. Nf7 h4 75. Nh6+ Kh5 76. Nf5 Nd7 77. Nd6 Nc5 78.
Kh3 g4+ 79. Kh2 Kg5 80. Kg2 Kf6 81. Kh2 Nd3 82. Kg2 Ke5 83. Nf7+ Ke6 84. Ng5+
Kf5 85. Nf7 Ne1+ 86. Kf1 h3 87. Kg1 Nf3+ 88. Kh1 Ke6 89. Nd8+ Kd5 90. Ne6 Ne5
91. Ng5 Nd3 92. Kg1 Ne1 93. Kh1 Ke5 94. Nf7+ Ke6 95. Nh6 Nd3 96. Nxg4 Kf5 97.
Nh6+ Kg6 98. Ng4 Kg5 99. Nh2 Nxf2+ 100. Kg1 Nd1 101. Nf1 Kg4 102. Nd2 Nc3 103.
Kh2 Kh4 104. Kg1 Kg3 105. Kh1 Kg4 106. Kh2 Kh4 107. Kg1 Ne2+ 108. Kf2 Ng3 109.
Kg1 Kg4 110. Kh2 Kh4 111. Kg1 Ne2+ 112. Kh2 Nc3 113. Kg1 Kg3 114. Kh1 h2 115.
Nxe4+ Nxe4 1/2-1/2

[Event "NED-chT 1011"]
[Site "Netherlands"]
[Date "2011.01.08"]
[Round "5.2"]
[White "Braun, Christian"]
[Black "Giri, Anish"]
[Result "1/2-1/2"]
[WhiteElo "2367"]
[BlackElo "2686"]
[PlyCount "131"]
[EventDate "2010.09.25"]
[EventType "team"]
[EventRounds "9"]
[EventCountry "NED"]
[SourceTitle "EXT 2012"]
[Source "ChessBase"]
[SourceDate "2011.11.24"]
[SourceVersion "1"]
[SourceVersionDate "2011.11.24"]
[SourceQuality "1"]
[WhiteTeam "Voerendaal"]
[BlackTeam "Hilversum HSG"]
[WhiteTeamCountry "NED"]
[BlackTeamCountry "NED"]

1. e4 c5 2. Nf3 d6 3. d4 cxd4 4. Nxd4 Nf6 5. Nc3 a6 6. Bg5 Nbd7 7. f4 Qc7 8.
Qf3 b5 9. O-O-O Bb7 10. Bd3 e6 11. Rhe1 Qb6 12. Bxf6 Nxf6 13. g4 Nd7 14. Qe3 b4
15. Nce2 g6 16. Ng3 e5 17. fxe5 dxe5 18. Nf3 Qxe3+ 19. Rxe3 h5 20. g5 h4 21.
Nf1 Rc8 22. N1d2 Be7 23. Nc4 Rc5 24. Be2 a5 25. Nd6+ Bxd6 26. Rxd6 Ke7 27. Rd2
Nb6 28. Ne1 Rc7 29. Nf3 Rc5 30. Ne1 Rc7 31. Nf3 Rh5 32. a3 Nd7 33. axb4 axb4
34. Rb3 Bxe4 35. Rxb4 Nc5 36. Nxe5 Rxg5 37. Nf3 Rg4 38. Ne5 Rg5 39. Nf3 Rg2 40.
Rc4 Bb7 41. b4 Ne6 42. Rxc7+ Nxc7 43. Nxh4 Rxh2 44. Nf3 Rh1+ 45. Kb2 Nd5 46.
Ne5 Rh2 47. Kb3 Ba8 48. Nc4 Nf4 49. Bg4 Rxd2 50. Nxd2 Ne6 51. Kc4 g5 52. b5 Kd6
53. Bxe6 Kxe6 54. Kd4 g4 55. Ke3 g3 56. c4 Kd6 57. Nf3 Kc5 58. Ne5 f5 59. Nd3+
Kxc4 60. Ne1 Kc3 61. Kf4 Kd2 62. Kxg3 Kxe1 63. Kf4 Be4 64. b6 Kd2 65. b7 Bxb7
66. Kxf5 1/2-1/2

[Event "NED-chT 1011"]
[Site "Netherlands"]
[Date "2011.02.12"]
[Round "6.1"]
[White "Zaragatski, Ilja"]
[Black "Giri, Anish"]
[Result "1/2-1/2"]
[WhiteElo "2502"]
[BlackElo "2686"]
[PlyCount "63"]
[EventDate "2010.09.25"]
[EventType "team"]
[EventRounds "9"]
[EventCountry "NED"]
[SourceTitle "EXT 2012"]
[Source "ChessBase"]
[SourceDate "2011.11.24"]
[SourceVersion "1"]
[SourceVersionDate "2011.11.24"]
[SourceQuality "1"]
[WhiteTeam "Homburg Apeldoorn"]
[BlackTeam "Hilversum HSG"]
[WhiteTeamCountry "NED"]
[BlackTeamCountry "NED"]

1. Nf3 g6 2. e4 Bg7 3. d4 c6 4. Nc3 d6 5. a4 a5 6. Be2 Nf6 7. O-O O-O 8. Be3
Nbd7 9. Nd2 d5 10. exd5 Nxd5 11. Nxd5 cxd5 12. c3 Nf6 13. Qb3 Qc7 14. Bg5 Rd8
15. Bh4 Bg4 16. Bxf6 Bxe2 17. Bxg7 Kxg7 18. Rfe1 Ba6 19. Re5 Rab8 20. Qa3 e6
21. h4 Qd6 22. b4 b6 23. b5 Qxa3 24. Rxa3 Bc8 25. f4 Rb7 26. Kf2 Rc7 27. Ke2
Bd7 28. Nf3 f6 29. Re3 h5 30. Kd2 Kf7 31. Ra1 Ke7 32. Kc2 1/2-1/2

[Event "NED-chT 1011"]
[Site "Netherlands"]
[Date "2011.04.09"]
[Round "8.6"]
[White "Giri, Anish"]
[Black "Bosch, Jeroen"]
[Result "1-0"]
[WhiteElo "2686"]
[BlackElo "2424"]
[PlyCount "57"]
[EventDate "2010.09.25"]
[EventType "team"]
[EventRounds "9"]
[EventCountry "NED"]
[SourceTitle "EXT 2012"]
[Source "ChessBase"]
[SourceDate "2011.11.24"]
[SourceVersion "1"]
[SourceVersionDate "2011.11.24"]
[SourceQuality "1"]
[WhiteTeam "Hilversum HSG"]
[BlackTeam "Calder HMC"]
[WhiteTeamCountry "NED"]
[BlackTeamCountry "NED"]

1. e4 c5 2. Nf3 d6 3. d4 cxd4 4. Nxd4 Nf6 5. Nc3 g6 6. Be3 Bg7 7. f3 Nc6 8. Qd2
O-O 9. Bc4 Bd7 10. h4 Rc8 11. Bb3 h5 12. O-O-O Ne5 13. Bg5 Rc5 14. Kb1 Re8 15.
g4 hxg4 16. h5 Nxh5 17. Rxh5 gxh5 18. Nd5 Rxd5 19. Bxd5 Qb6 20. Bb3 e6 21. Qh2
a5 22. a4 Qc5 23. Qxh5 Nxf3 24. Nxf3 gxf3 25. Qg4 Qe5 26. c3 b5 27. Bc2 bxa4
28. Bf4 Qf6 29. e5 1-0

[Event "IND-ch U19 40th"]
[Site "Puri"]
[Date "2010.10.05"]
[Round "7"]
[White "Lokesh, P."]
[Black "Girish, A Koushnik"]
[Result "1-0"]
[WhiteElo "2176"]
[BlackElo "2342"]
[PlyCount "71"]
[EventDate "2010.10.01"]
[EventType "tourn"]
[EventRounds "11"]
[EventCountry "IND"]
[SourceTitle "CBM 138 Extra"]
[Source "ChessBase"]
[SourceDate "2010.10.29"]
[SourceVersion "1"]
[SourceVersionDate "2010.10.29"]
[SourceQuality "1"]

1. e4 e5 2. Nf3 Nc6 3. Bb5 a6 4. Ba4 Nf6 5. d3 b5 6. Bb3 Be7 7. O-O O-O 8. Re1
d6 9. c3 Na5 10. Bc2 c5 11. Nbd2 Re8 12. a4 Rb8 13. axb5 axb5 14. h3 Bf8 15. d4
Qc7 16. Nf1 h6 17. b3 Nc6 18. d5 Ne7 19. Nxe5 dxe5 20. d6 Qb7 21. dxe7 Bxe7 22.
Qf3 Nh7 23. Be3 Nf8 24. Ng3 Ng6 25. Nf5 Bf8 26. Qg3 Ra8 27. h4 Rxa1 28. Rxa1
Bxf5 29. exf5 Nf4 30. Bxf4 exf4 31. Qxf4 Re2 32. Bd3 Rb2 33. f6 g6 34. Be4 Qd7
35. Ra8 Qd2 36. Rxf8+ 1-0

[Event "IND-ch U19 40th"]
[Site "Puri"]
[Date "2010.10.07"]
[Round "9"]
[White "Sahoo, Utkal Ranjan"]
[Black "Girish, A Koushnik"]
[Result "0-1"]
[WhiteElo "2213"]
[BlackElo "2342"]
[PlyCount "132"]
[EventDate "2010.10.01"]
[EventType "tourn"]
[EventRounds "11"]
[EventCountry "IND"]
[SourceTitle "CBM 138 Extra"]
[Source "ChessBase"]
[SourceDate "2010.10.29"]
[SourceVersion "1"]
[SourceVersionDate "2010.10.29"]
[SourceQuality "1"]

1. e4 c5 2. Nf3 Nc6 3. d4 cxd4 4. Nxd4 e5 5. Nb5 d6 6. Bc4 Be6 7. Bd5 Be7 8.
O-O Nf6 9. c4 O-O 10. N1c3 a6 11. Na3 Rc8 12. Nc2 Na5 13. Ne3 Nxd5 14. cxd5 Bd7
15. Qd3 b5 16. b4 Nc4 17. Nf5 Bf6 18. Ng3 g6 19. Bh6 Bg7 20. Bxg7 Kxg7 21. Nce2
h5 22. Rfc1 f5 23. exf5 h4 24. f6+ Rxf6 25. Ne4 Rf7 26. a4 Qb6 27. a5 Qa7 28.
N2c3 Bf5 29. Qe2 Rcf8 30. Rf1 Qe7 31. Rae1 Bc8 32. f3 Kg8 33. h3 g5 34. Kh2 Rg7
35. Rf2 Qf7 36. Rff1 Qf4+ 37. Kg1 Rc7 38. Qf2 Qf5 39. Qe2 Qg6 40. Rc1 Bf5 41.
Rfd1 Rfc8 42. Qe1 Nb2 43. Rd2 Na4 44. Rdc2 Bxe4 45. fxe4 Rc4 46. Qd2 Rf8 47.
Nxa4 Rd4 48. Qe1 Rxe4 49. Re2 Rxe2 50. Qxe2 bxa4 51. Qxa6 Qe4 52. Qc4 Qe3+ 53.
Kh1 a3 54. a6 e4 55. b5 g4 56. Qc2 g3 57. a7 Qf4 58. Qd1 a2 59. b6 e3 60. Qf3
Qa4 61. Qxe3 a1=Q 62. Qg5+ Qg7 63. Qe3 Qa6 64. Kg1 Kh8 65. Rb1 Qaa1 66. Qc1
Qac3 0-1

[Event "IND-ch U19 40th"]
[Site "Puri"]
[Date "2010.10.08"]
[Round "10"]
[White "Girish, A Koushnik"]
[Black "Muthu, Alagappan M"]
[Result "1-0"]
[WhiteElo "2342"]
[BlackElo "2127"]
[PlyCount "81"]
[EventDate "2010.10.01"]
[EventType "tourn"]
[EventRounds "11"]
[EventCountry "IND"]
[SourceTitle "CBM 138 Extra"]
[Source "ChessBase"]
[SourceDate "2010.10.29"]
[SourceVersion "1"]
[SourceVersionDate "2010.10.29"]
[SourceQuality "1"]

1. d4 d5 2. Nf3 Nf6 3. c4 e6 4. Nc3 Be7 5. Bg5 Nbd7 6. e3 h6 7. Bh4 O-O 8. Rc1
b6 9. cxd5 exd5 10. Bb5 Bb7 11. O-O c5 12. Qc2 Rc8 13. Rfd1 Ne4 14. Bxe7 Qxe7
15. Qa4 Ndf6 16. Qxa7 Nxf2 17. Re1 Qc7 18. Na4 Ra8 19. Qxb6 Qxb6 20. Nxb6 Rxa2
21. Na4 N2e4 22. dxc5 Ba6 23. Bxa6 Rxa4 24. Bd3 Rc8 25. c6 Nd6 26. Nd4 Nfe8 27.
b3 Rb4 28. Rc5 Nc7 29. Ra1 Ne6 30. Rxd5 Nxd4 31. exd4 Rxb3 32. Rxd6 Rxd3 33. d5
Rc3 34. Rd7 Rc2 35. h3 Re8 36. c7 Ree2 37. Kh1 Kh7 38. Rg1 f5 39. d6 Rc6 40.
Rxg7+ Kxg7 41. d7 1-0

[Event "IND-ch U19 40th"]
[Site "Puri"]
[Date "2010.10.09"]
[Round "11"]
[White "Anwesh, Upadhyaya"]
[Black "Girish, A Koushnik"]
[Result "1/2-1/2"]
[WhiteElo "2420"]
[BlackElo "2342"]
[PlyCount "102"]
[EventDate "2010.10.01"]
[EventType "tourn"]
[EventRounds "11"]
[EventCountry "IND"]
[SourceTitle "CBM 138 Extra"]
[Source "ChessBase"]
[SourceDate "2010.10.29"]
[SourceVersion "1"]
[SourceVersionDate "2010.10.29"]
[SourceQuality "1"]

1. e4 e5 2. Nf3 Nc6 3. Bb5 a6 4. Ba4 Nf6 5. O-O Be7 6. Re1 b5 7. Bb3 O-O 8. c3
d5 9. d4 exd4 10. e5 Ne4 11. cxd4 Na5 12. Bc2 f5 13. exf6 Bxf6 14. Nc3 Bf5 15.
Nxe4 Bxe4 16. Bxe4 dxe4 17. Rxe4 Qd5 18. Re1 Nc6 19. Be3 Rad8 20. Rc1 Rf7 21.
h3 h6 22. b3 Nxd4 23. Nxd4 Bxd4 24. Bxd4 Qxd4 25. Re8+ Rf8 26. Qxd4 Rxd4 27.
Re7 Rc8 28. Re6 c5 29. Rxa6 c4 30. bxc4 bxc4 31. Ra3 Kf7 32. Kf1 Ke6 33. Ke2
Kd5 34. Re3 g5 35. Rc2 Rc6 36. g3 Kc5 37. a3 Rdd6 38. Re4 Kd5 39. f3 Re6 40.
Rd2+ Kc5 41. Rdd4 Rxe4+ 42. Rxe4 Rd6 43. f4 c3 44. Re8 gxf4 45. Rc8+ Kd4 46.
gxf4 Ra6 47. f5 Rf6 48. Rd8+ Kc4 49. Rc8+ Kd4 50. Rd8+ Kc4 51. Rc8+ Kd4 1/2-1/2

[Event "Bhubaneswar op 3rd"]
[Site "Bhubaneswar"]
[Date "2011.05.30"]
[Round "4"]
[White "Satyapragyan, Swayangsu"]
[Black "Girish, A Koushnik"]
[Result "1-0"]
[WhiteElo "2451"]
[BlackElo "2288"]
[PlyCount "133"]
[EventDate "2011.05.28"]
[EventType "swiss"]
[EventRounds "11"]
[EventCountry "IND"]
[SourceTitle "CBM 142 Extra"]
[Source "ChessBase"]
[SourceDate "2011.06.27"]
[SourceVersion "1"]
[SourceVersionDate "2011.06.27"]
[SourceQuality "1"]

1. e4 e5 2. Nf3 Nc6 3. Bb5 a6 4. Ba4 Nf6 5. O-O Be7 6. Re1 b5 7. Bb3 O-O 8. h3
Bb7 9. d3 d6 10. a3 Nb8 11. Nbd2 Nbd7 12. Ba2 Re8 13. Nf1 Nc5 14. Ng5 Rf8 15.
f4 exf4 16. Bxf4 h6 17. Nf3 Ne6 18. Bh2 d5 19. e5 Nh7 20. d4 Nhg5 21. c3 c5 22.
Nxg5 Bxg5 23. Qd3 Qb6 24. Rad1 cxd4 25. cxd4 g6 26. Ne3 Rfd8 27. Ng4 Kg7 28.
Kh1 Rac8 29. Rf1 Rc7 30. Bb1 Rf8 31. Nf6 Qc6 32. Bg1 Qc4 33. Qg3 Qe2 34. Qb3
Bxf6 35. exf6+ Kg8 36. Qg3 Qh5 37. Bf5 Qg5 38. Bg4 h5 39. Be3 h4 40. Qf3 Nxd4
41. Bxd4 Re8 42. Qf4 Qxf4 43. Rxf4 Rc2 44. Rf2 Rc4 45. Bf3 Re6 46. Rfd2 Kh7 47.
Kg1 a5 48. b3 Rc7 49. Re2 Rxe2 50. Bxe2 b4 51. axb4 axb4 52. Bd3 Bc8 53. Kf2
Be6 54. Ke3 Rc8 55. Ra1 Kh6 56. Ra4 Rb8 57. Kf4 g5+ 58. Ke5 g4 59. hxg4 Bxg4
60. Ra7 Be6 61. Re7 Rf8 62. Rxe6 fxe6 63. Kxe6 Re8+ 64. Kd7 Rf8 65. Ke7 Rb8 66.
f7 Rb7+ 67. Kf6 1-0

[Event "Bhubaneswar op 3rd"]
[Site "Bhubaneswar"]
[Date "2011.06.01"]
[Round "6"]
[White "Girish, A Koushnik"]
[Black "Sriram, Jha"]
[Result "1/2-1/2"]
[WhiteElo "2288"]
[BlackElo "2446"]
[PlyCount "78"]
[EventDate "2011.05.28"]
[EventType "swiss"]
[EventRounds "11"]
[EventCountry "IND"]
[SourceTitle "CBM 142 Extra"]
[Source "ChessBase"]
[SourceDate "2011.06.27"]
[SourceVersion "1"]
[SourceVersionDate "2011.06.27"]
[SourceQuality "1"]

1. d4 d5 2. Nf3 c6 3. c4 e6 4. Nbd2 f5 5. g3 Nf6 6. Bg2 Bd6 7. O-O O-O 8. b3 b6
9. Bb2 Bb7 10. Ne5 a5 11. Rc1 Qe7 12. Nd3 Na6 13. Nf3 c5 14. e3 Nb4 15. dxc5
bxc5 16. a3 Nxd3 17. Qxd3 Rfd8 18. Rfd1 dxc4 19. Qxc4 Bd5 20. Qc2 a4 21. Bxf6
Qxf6 22. bxa4 Rab8 23. Re1 Bb3 24. Qc3 Qxc3 25. Rxc3 Bxa4 26. Rec1 h6 27. Ne1
Be7 28. Bf1 Bb3 29. Nd3 c4 30. Nb4 Bxb4 31. axb4 Rxb4 32. Bxc4 Bxc4 33. Rxc4
Rxc4 34. Rxc4 Kf7 35. Kg2 Kf6 36. h3 g5 37. g4 Rd6 38. Rc8 Ra6 39. Kg3 Ra4
1/2-1/2

[Event "Bhubaneswar op 3rd"]
[Site "Bhubaneswar"]
[Date "2011.06.02"]
[Round "7"]
[White "Lalith, Babu MR"]
[Black "Girish, A Koushnik"]
[Result "1-0"]
[WhiteElo "2491"]
[BlackElo "2288"]
[PlyCount "81"]
[EventDate "2011.05.28"]
[EventType "swiss"]
[EventRounds "11"]
[EventCountry "IND"]
[SourceTitle "CBM 142 Extra"]
[Source "ChessBase"]
[SourceDate "2011.06.27"]
[SourceVersion "1"]
[SourceVersionDate "2011.06.27"]
[SourceQuality "1"]

1. Nf3 Nf6 2. c4 g6 3. Nc3 Bg7 4. e4 d6 5. d4 O-O 6. Bg5 Na6 7. Be2 c5 8. d5 h6
9. Bd2 Nc7 10. Qc1 Kh7 11. h4 Bg4 12. Be3 a6 13. e5 dxe5 14. Nxe5 Bxe2 15. Nxe2
Ne4 16. Nd3 b5 17. Ndf4 Nd6 18. cxb5 Ncxb5 19. Qc2 Kg8 20. Bxc5 Rc8 21. Rc1 Qd7
22. O-O Qg4 23. b4 Qxh4 24. Qd3 g5 25. g3 Qg4 26. Ng2 Qd7 27. Ne3 f5 28. a4 Nc7
29. Bxd6 exd6 30. f4 Qxa4 31. Nxf5 Qd7 32. Nxg7 Qxg7 33. Rc6 Nb5 34. Rxa6 gxf4
35. Rxf4 Rxf4 36. Nxf4 Nd4 37. Rxd6 Rc1+ 38. Kg2 Rc2+ 39. Kh3 Kf8 40. Ng6+ Kg8
41. Rd8+ 1-0

[Event "Bhubaneswar op 3rd"]
[Site "Bhubaneswar"]
[Date "2011.06.04"]
[Round "9"]
[White "Girish, A Koushnik"]
[Black "Himanshu, Sharma"]
[Result "1-0"]
[WhiteElo "2288"]
[BlackElo "2414"]
[PlyCount "137"]
[EventDate "2011.05.28"]
[EventType "swiss"]
[EventRounds "11"]
[EventCountry "IND"]
[SourceTitle "CBM 142 Extra"]
[Source "ChessBase"]
[SourceDate "2011.06.27"]
[SourceVersion "1"]
[SourceVersionDate "2011.06.27"]
[SourceQuality "1"]

1. d4 Nf6 2. Nf3 b5 3. g3 Bb7 4. Bg2 e6 5. O-O c5 6. Na3 Qb6 7. c4 a6 8. Be3 d5
9. dxc5 Bxc5 10. Bxc5 Qxc5 11. cxb5 axb5 12. Rc1 Qb6 13. Qd4 Qxd4 14. Nxd4 b4
15. Nab5 O-O 16. Rc7 Ba6 17. Nd6 g6 18. Re1 Nbd7 19. Nc6 Nb6 20. b3 Nc8 21.
Nxc8 Bxc8 22. Nxb4 Bd7 23. Rc2 Ra3 24. Rd1 Bb5 25. Rdd2 Rb8 26. Nd3 Bxd3 27.
Rxd3 Rb6 28. h4 Kg7 29. Rdd2 h6 30. Rb2 g5 31. hxg5 hxg5 32. e3 Ng4 33. e4 dxe4
34. Bxe4 f5 35. Bf3 Ne5 36. Be2 Kf6 37. Rbc2 Nc6 38. Bc4 Nb4 39. Rb2 e5 40. Kg2
g4 41. Re2 e4 42. Rbd2 Ke5 43. Kf1 Rd6 44. Ke1 Rh6 45. Kd1 Rh1+ 46. Re1 Rh7 47.
Kc1 Rha7 48. Ree2 Nxa2+ 49. Kb2 Nb4 50. Kc3 Na2+ 51. Kb2 Nb4 52. Rd8 Ra2+ 53.
Kc3 Rxe2 54. Bxe2 Nd5+ 55. Kb2 Rh7 56. Bc4 Nf6 57. Rd2 Rh2 58. f4+ exf3 59.
Rxh2 Ne4 60. b4 Kd4 61. Rc2 Nxg3 62. b5 Ne4 63. b6 Nc5 64. Bb5 Nb7 65. Bc6 Nd6
66. Rd2+ Kc5 67. b7 Nxb7 68. Bxb7 f4 69. Kc2 1-0

[Event "Bhubaneswar op 3rd"]
[Site "Bhubaneswar"]
[Date "2011.06.05"]
[Round "10"]
[White "Swapnil, S Dhopade"]
[Black "Girish, A Koushnik"]
[Result "1-0"]
[WhiteElo "2425"]
[BlackElo "2288"]
[PlyCount "111"]
[EventDate "2011.05.28"]
[EventType "swiss"]
[EventRounds "11"]
[EventCountry "IND"]
[SourceTitle "CBM 142 Extra"]
[Source "ChessBase"]
[SourceDate "2011.06.27"]
[SourceVersion "1"]
[SourceVersionDate "2011.06.27"]
[SourceQuality "1"]

1. d4 Nf6 2. c4 g6 3. Nc3 Bg7 4. e4 d6 5. f4 O-O 6. Nf3 c5 7. dxc5 Qa5 8. Bd3
Qxc5 9. Qe2 Bg4 10. Be3 Qa5 11. O-O Nc6 12. Rac1 Nd7 13. Qf2 Nc5 14. Bb1 Bxf3
15. gxf3 Na4 16. Nd1 e6 17. a3 Qc7 18. b4 a5 19. Qd2 e5 20. Kh1 Nd4 21. Ba2
axb4 22. axb4 Kh8 23. fxe5 dxe5 24. c5 f5 25. Bd5 fxe4 26. Bxe4 Nb3 27. Qc2
Nxc1 28. Qxc1 Rfd8 29. Nf2 Rd4 30. Nd3 Rxe4 31. fxe4 Qc6 32. Nf2 Qb5 33. Rd1
Rf8 34. Qd2 Qc4 35. Rc1 Qb5 36. Kg2 Qc6 37. Qe2 Qe6 38. b5 Qb3 39. c6 bxc6 40.
bxc6 Nb6 41. c7 Nc8 42. Bc5 Rg8 43. Qc4 Qb7 44. Qf7 Qc6 45. Be3 Qe8 46. Qd5 Qe7
47. Qc6 Qf7 48. Rd1 Rf8 49. Bc5 Qf3+ 50. Kg1 Rg8 51. Rd8 Qf7 52. Qd5 Qxd5 53.
exd5 Bf6 54. Rxg8+ Kxg8 55. d6 Nxd6 56. Bxd6 1-0

[Event "Vienna Clock sim U20"]
[Site "Vienna"]
[Date "2011.06.04"]
[Round "1"]
[White "Giri, Anish"]
[Black "Halvax, Georg"]
[Result "1-0"]
[WhiteElo "2687"]
[BlackElo "2328"]
[PlyCount "59"]
[EventDate "2011.06.04"]
[EventType "simul"]
[EventRounds "1"]
[EventCountry "AUT"]
[SourceTitle "CBM 142 Extra"]
[Source "ChessBase"]
[SourceDate "2011.06.27"]
[SourceVersion "1"]
[SourceVersionDate "2011.06.27"]
[SourceQuality "1"]

1. Nf3 Nf6 2. c4 e6 3. g3 d5 4. Bg2 a6 5. b3 Be7 6. O-O O-O 7. Bb2 b6 8. e3 Bb7
9. Nc3 dxc4 10. bxc4 c5 11. Qe2 Nc6 12. Rfd1 Qc7 13. Rac1 Rfd8 14. Ba1 Na7 15.
Rb1 Bc6 16. d4 Rab8 17. a4 Ba8 18. d5 exd5 19. cxd5 Nxd5 20. Qxa6 Nb4 21. Qc4
Rxd1+ 22. Rxd1 Bf6 23. Nb5 Nxb5 24. Bxf6 gxf6 25. Qg4+ Kf8 26. Rd7 Qc8 27. axb5
h5 28. Qf4 Kg7 29. Ne5 Nd5 30. Rxf7+ 1-0